1100 1806 1860 1338 1723 1032 1691 1986 1084 1113 1264 1488 1482 1369 1927 1091 1703 1212 1585 1400 1464 1801 1367 1167 1212 1679 1548 1165 1082 1567 1800 1034 1555 1064 1798 1447 1899 1416 1034 1718 1864 1722 1563 1442 1421 1653 1668 1723 1935 1361 1252 1994 1056 1417 1993 1336 1531 1268 1945 1739 1720 1586 1079 1609 1095 1747 1780 1499 1150 1926 1050 1999 1320 1674 1978 1630 1805 1084 1524 1899 1664 1968 1387 1279 1382 1680 1466 1012 1947 1050 1099 1621 1896 1789 1399 1039 1333 1507 1472 BCNSPRNW ULIB Ver.6.0+V

เปลี่ยนเป็นภาษาไทย

Change to English
 แสดงรายละเอียดบรรณานุกรม
  กลับหน้าหลัก

Brief Record : Get Marc (ISO 2709) : E-mail record : QR code < ปิดหน้าต่าง
LEADER : 00000nam 2200000uu 4500
001    13399127091
003     ULIB
008    191010s2560||||th 000 0 tha d
020    ^a9786162321764
060    ^aWS103^bฌ-ด
100    ^aเฌอ
245    ^aดินชุ่มใจชื่น นิทานคำสอนของพ่อ (หลวง) ชุดที่ 2 เล่ม 4 (สองภาษา ไทย-อังกฤษ)
250    ^aพิมพ์ครั้งที่ 1
260    ^aกรุงเทพฯ :^bบริษัท บีเวล พับลิชชิ่ง จำกัด,^c2560
300    ^a12 หน้า;^b19 ซม.
650    ^aเด็ก^xการเรียนการสอน
945    ^p35^l0^i006279
999    ^aประนอม เกษจรัล
รายการนี้ยังไม่มีแท็ก
คุณยังไม่ได้ล็อกอิน คุณสามารถมีกิจกรรมร่วมกับเว็บไซต์ได้ แต่ต้องล็อกอินก่อน ::
  ล็อกอิน

รายการสื่อสารสนเทศ

ลำดับที่ ประเภท เลขเรียก/บาร์โค้ด สถานที่ สถานะ
1. วิทยาศาสตร์การแพทย์ และสุขภาพ
วิทยาศาสตร์การแพทย์ และสุขภาพ
WS103 ฌ-ด ฉ.1 
  Barcode: 006279
ห้องสมุดวิทยาเขตสวรรค์ประชารักษ์
►หนังสือทั่วไป
บนชั้น

รายการใกล้เคียง
    ผู้แต่ง [เฌอ]

BibComment


ยังไม่เคยถูกคอมเมนท์

คอมเมนท์ทรัพยากรรายการนี้
  คอมเมนท์: ดินชุ่มใจชื่น นิ..


 Copyright 2026. Bcnsprnw @Library